MARC details
| 000 -CABECERA |
| campo de control de longitud fija |
02442nam a2200373 a 4500 |
| 003 - IDENTIFICADOR DEL NÚMERO DE CONTROL |
| campo de control |
CHAP |
| 005 - FECHA Y HORA DE LA ÚLTIMA TRANSACCIÓN |
| campo de control |
20230602181046.0 |
| 007 - CAMPO FIJO DE DESCRIPCIÓN FÍSICA--INFORMACIÓN GENERAL |
| campo de control de longitud fija |
ta |
| 008 - DATOS DE LONGITUD FIJA--INFORMACIÓN GENERAL |
| campo de control de longitud fija |
230602s2012 sp ado|fr|||| 001 0 spa d |
| 020 ## - NÚMERO INTERNACIONAL ESTÁNDAR DEL LIBRO |
| Número Internacional Estándar del Libro |
978-84-291-5166-4 |
| 040 ## - FUENTE DE LA CATALOGACIÓN |
| Centro catalogador/agencia de origen |
mxchpua |
| Centro/agencia transcriptor |
CHAP |
| Normas de descripción |
rda |
| 050 10 - SIGNATURA TOPOGRÁFICA DE LA BIBLIOTECA DEL CONGRESO |
| Número de clasificación |
QA303.2 |
| Número de documento/Ítem |
.R64 2012 |
| 082 00 - NÚMERO DE LA CLASIFICACIÓN DECIMAL DEWEY |
| Número de clasificación |
515.8 |
| Número de documento/Ítem |
R64 2012 |
| Número de edición |
20 |
| 100 1# - ENTRADA PRINCIPAL--NOMBRE DE PERSONA |
| 9 (RLIN) |
187326 |
| Nombre de persona |
Rogawski, Jon |
| Término indicativo de función/relación |
autor |
| 240 10 - TÍTULO UNIFORME |
| Título uniforme |
Calculus: single variable. |
| Lenguaje de la obra |
Español |
| 245 10 - MENCIÓN DE TÍTULO |
| Título |
Cálculo : |
| Resto del título |
una variable / |
| Mención de responsabilidad, etc. |
Jon Rogawski ; traductora Gloria García García |
| 250 ## - MENCIÓN DE EDICIÓN |
| Mención de edición |
2a edición |
| 264 ## - PRODUCCIÓN, PUBLICACIÓN, DISTRIBUCIÓN, FABRICACIÓN Y COPYRIGHT |
| Producción, publicación, distribución, fabricación y copyright |
Barcelona, España : |
| Nombre del de productor, editor, distribuidor, fabricante |
Reverté, |
| Fecha de producción, publicación, distribución, fabricación o copyright |
2012 |
| 300 ## - DESCRIPCIÓN FÍSICA |
| Extensión |
xxiii, 662 páginas : |
| Otras características físicas |
ilustraciones, tablas, gráficas, fotos |
| 336 ## - TIPO DE CONTENIDO |
| Fuente |
rdacontent |
| Término de tipo de contenido |
texto |
| Código de tipo de contenido |
txt |
| 337 ## - TIPO DE MEDIO |
| Fuente |
rdamedia |
| Nombre/término del tipo de medio |
sin medio |
| Código del tipo de medio |
n |
| 338 ## - TIPO DE SOPORTE |
| Fuente |
rdacarrier |
| Nombre/término del tipo de soporte |
volumen |
| Código del tipo de soporte |
nc |
| 504 ## - NOTA DE BIBLIOGRAFÍA, ETC. |
| Nota de bibliografía, etc. |
Incluye bibliografías |
| 505 0# - NOTA DE CONTENIDO CON FORMATO |
| Nota de contenido con formato |
Repaso de conceptos previos. --<br/>Límites. --<br/>Derivación. --<br/>Aplicaciones de la derivada. --<br/>La integral. --<br/>Aplicaciones de la integral. --<br/>Funciones exponenciales. --<br/>Técnicas de integración. --<br/>Otras aplicaciones de la integral y polinomios de Taylor. --<br/>Introducción a las ecuaciones diferenciales. --<br/>Series finitas. --<br/>Ecuaciones paramétricas, coordenadas polares y secciones cónicas. --<br/>Apéndices. |
| 520 2# - SUMARIO, ETC. |
| Sumario, etc. |
Jon Rogawski es un reconocido catedrático del Dpto. de Matemáticas de la UCLA. Su experiencia de más de 30 años en la docencia le ha servido para escribir este libro que, en su segunda edición, se ha convertido en uno de los manuales de cálculo de mayor éxito internacional de los últimos años y que Editorial Reverté presenta ahora en su versión en castellano. El autor se ha guiado por el espíritu de escribir un texto que consiga el equilibrio entre el rigor y la precisión matemáticos y la informalidad y claridad requeridas para que los estudiantes comprendan la disciplina. La intención no es otra que los estudiantes sean conscientes, ya desde el inicio de curso, de la belleza de la materia y del importante papel que desempeñará, tanto en sus estudios como en su comprensión del mundo en general. |
| 650 13 - PUNTO DE ACCESO ADICIONAL DE MATERIA--TÉRMINO DE MATERIA |
| 9 (RLIN) |
23990 |
| Término de materia o nombre geográfico como elemento de entrada |
Cálculo |
| 650 13 - PUNTO DE ACCESO ADICIONAL DE MATERIA--TÉRMINO DE MATERIA |
| 9 (RLIN) |
47654 |
| Término de materia o nombre geográfico como elemento de entrada |
Geometría analítica |
| 650 13 - PUNTO DE ACCESO ADICIONAL DE MATERIA--TÉRMINO DE MATERIA |
| 9 (RLIN) |
35306 |
| Término de materia o nombre geográfico como elemento de entrada |
Ecuaciones diferenciales |
| 650 13 - PUNTO DE ACCESO ADICIONAL DE MATERIA--TÉRMINO DE MATERIA |
| 9 (RLIN) |
146991 |
| Término de materia o nombre geográfico como elemento de entrada |
Calculus |
| 650 13 - PUNTO DE ACCESO ADICIONAL DE MATERIA--TÉRMINO DE MATERIA |
| 9 (RLIN) |
146992 |
| Término de materia o nombre geográfico como elemento de entrada |
Geometry, Analytic |
| 650 13 - PUNTO DE ACCESO ADICIONAL DE MATERIA--TÉRMINO DE MATERIA |
| 9 (RLIN) |
150223 |
| Término de materia o nombre geográfico como elemento de entrada |
Differential equations |
| 700 1# - PUNTO DE ACCESO ADICIONAL--NOMBRE DE PERSONA |
| 9 (RLIN) |
187327 |
| Nombre de persona |
García García, Gloria |
| Término indicativo de función/relación |
traductora |
| 942 ## - ELEMENTOS DE PUNTO DE ACCESO ADICIONAL (KOHA) |
| Fuente del sistema de clasificación o colocación |
Dewey Decimal Classification |
| Tipo de ítem Koha |
|